000 00742nam a2200217 a 4500
999 _c11137
_d11137
001 11137
003 BD-JhCC
005 20191212134008.0
008 190601s2009 bg |||| |||| 000 0 ben d
020 _a98454951445
035 _a(BD-JhCC)11137
040 _aBD-JhCC
_dBD-JhCC
041 _aben
082 _a001
_bKHA 2009
100 _aখান, সাহাদাত হোসেন
245 _aবিশ্বের আলোড়িত বিশটি ঘটনা /
_cসাহাদাত হোসেন খান,
260 _aঢাকা :
_bপার্ল পাবলিকেশন্স,
_c২০০৯.
300 _a১৮৮ পৃ. :
_c২০ সেমি.
650 _aGeneral Knowledge
942 _2ddc
_cBK
_03